| 000 | 01297nam a22002897a 4500 | ||
|---|---|---|---|
| 003 | EG-ScBUE | ||
| 005 | 20221010152700.0 | ||
| 008 | 100722s1996 ua o f b 000 0 ara d | ||
| 017 | _a1996 / 3720 | ||
| 020 | _a9770197419 | ||
| 040 |
_aEG-ScBUE _bara _erda _cEG-ScBUE _dEG-ScBUE |
||
| 082 | 0 | 4 |
_222 _a707 _bر ي د |
| 100 | 1 |
_98760 _aريد، هربرت، _cالسير، _d1893-1968، _eمؤلف. |
|
| 245 | 1 | 2 |
_aالتربية عن طريق الفن / _cتأليف هيربرت ريد ؛ ترجمة عبد العزيز توفيق جاويد ؛ مراجعة مصطفى طه حبيب. |
| 264 | 1 |
_aالقاهرة : _bالهيئة المصرية العامة للكتاب، _c1996. |
|
| 300 |
_a478 صفحة : _bصور ؛ _c24 سم. |
||
| 490 | 0 |
_aالألف كتاب الثاني ؛ _v215 |
|
| 504 | _aيشتمل على إرجاعات ببليوجرافية. | ||
| 541 |
_aألف باء ؛ _cشراء ؛ |
||
| 546 | _aالنص باللغة العربية وتم ترجمته من اللغة الإنجليزية. | ||
| 650 | 7 |
_916655 _aالفن _xتعليم وتدريس. _2BUEsh |
|
| 653 | _bART | ||
| 655 | _vReading book | ||
| 700 | 1 |
_916656 _aجاويد، عبد العزيز توفيق، _eمترجم. |
|
| 700 | 1 |
_916657 _aحبيب، مصطفى طه، _eمراجع. |
|
| 942 |
_2ddc _cBB |
||
| 999 |
_c14528 _d14528 |
||